La cultura es más que un bien de índole comercial /

Shranjeno v:
Bibliografske podrobnosti
Glavni avtor: Sponar, Karla
Format: Texto
Teme:
Oznake: Označite
Brez oznak, prvi označite!

MARC

LEADER 00000 a a2200000 04500
001 5035
003
040
100 |a Sponar, Karla  
245 |a La cultura es más que un bien de índole comercial /  |c Karla Sponar 
650 |a CULTURA  
650 |a COMERCIO  
773 |g volumen 24, número 3; páginas 131-132  
999 |c 34416  |d 34416